00678nam a2200241Ia 4500003000400000005001700004006001800021007000300039008004100042024001100083037001100094040001800105041001300123100002600136110006200162245004400224260000900268650002800277700003800305700006200343942001200405999001900417OSt20220930082507.0a|||||r|||| 00| 0ta220926b |||||||| |||| 00| 0 hin d a32,506 cTheses aCRLcCRLbhin 2hinahin aBhardwaj Syama Prasad aUniversity of Delhi. Faculty of Arts. Department of Hindi 0aUttrakhand ke madhya kaleen hindi kavya c1975 aHINDI LITERATURE923866 a Dr Ganga Prasad Vimal Supervisor aUniversity of Delhi. Faculty of Arts. Department of Hindi cDIS2CC c873279d873279